| 000 | 00762nas a2200253 4500 | ||
|---|---|---|---|
| 001 | BR2012008189 | ||
| 003 | BR-BrBNA | ||
| 005 | 20231205121606.0 | ||
| 007 | ta | ||
| 008 | 230509b bl.|||p| |||| 00| 00por d | ||
| 040 |
_aBR-BrBNA _bpor _cBiblioteca Nacional de Agricultura |
||
| 041 | _a(Pt) | ||
| 072 | _aF61; F04; P35 | ||
| 110 | 1 | _aAbreu, S. | |
| 245 | 1 | _aFatores de fertiidade do solo e adubação | |
| 650 | _aNUTRIÇÃO VEGETAL | ||
| 650 | _aADUBAÇÃO | ||
| 650 | _aMICRONUTRIENTE | ||
| 650 | _aFERTILIDADE DO SOLO | ||
| 650 | _aPROPRIEDADE FÍSICO-QUÍMICA | ||
| 773 | 0 |
_tRevista do Produtor Rural (Brazil) _xISSN 1984-0004 _g(Jul-Aug 2012), v. 6(32) p. 56 _wBR2012008189 |
|
| 909 |
_a202311 _bLúcia _c55 _dLúcia Elande |
||
| 942 |
_2AGRIS _n0 _cANA |
||
| 999 |
_c224277 _d224277 |
||